Les vainqueurs de la Ligue des Champions - Statistiques

Statistiques générales
  • Ce quiz a été pris 130 fois
  • Le résultat moyen est 64 sur 68
Statistiques - réponses
Année Pays Club % Correct
2007 Italie AC Milan
100%
2003 Italie AC Milan
100%
1994 Italie AC Milan
100%
1990 Italie AC Milan
100%
1989 Italie AC Milan
100%
1969 Italie AC Milan
100%
1963 Italie AC Milan
100%
2023 Angleterre Manchester City
100%
2022 Espagne Real Madrid
100%
2018 Espagne Real Madrid
100%
2017 Espagne Real Madrid
100%
2016 Espagne Real Madrid
100%
2014 Espagne Real Madrid
100%
2002 Espagne Real Madrid
100%
2000 Espagne Real Madrid
100%
1998 Espagne Real Madrid
100%
1966 Espagne Real Madrid
100%
1960 Espagne Real Madrid
100%
1959 Espagne Real Madrid
100%
1958 Espagne Real Madrid
100%
1957 Espagne Real Madrid
100%
1956 Espagne Real Madrid
100%
2020 Allemagne Bayern
99%
2013 Allemagne Bayern
99%
2001 Allemagne Bayern
99%
1976 Allemagne Bayern
99%
1975 Allemagne Bayern
99%
1974 Allemagne Bayern
99%
2021 Angleterre Chelsea
99%
2012 Angleterre Chelsea
99%
2015 Espagne FC Barcelone
99%
2011 Espagne FC Barcelone
99%
2009 Espagne FC Barcelone
99%
2006 Espagne FC Barcelone
99%
1992 Espagne FC Barcelone
99%
2008 Angleterre Manchester United
98%
1999 Angleterre Manchester United
98%
1968 Angleterre Manchester United
98%
1993 France Olympique de Marseille
98%
2010 Italie Inter
97%
1965 Italie Inter
97%
1964 Italie Inter
97%
2019 Angleterre Liverpool
97%
2005 Angleterre Liverpool
97%
1984 Angleterre Liverpool
97%
1981 Angleterre Liverpool
97%
1978 Angleterre Liverpool
97%
1977 Angleterre Liverpool
97%
1995 Pays-Bas Ajax
95%
1973 Pays-Bas Ajax
95%
1972 Pays-Bas Ajax
95%
1971 Pays-Bas Ajax
95%
1997 Allemagne Borussia Dortmund
95%
2004 Portugal FC Porto
95%
1987 Portugal FC Porto
95%
1996 Italie Juventus
93%
1985 Italie Juventus
93%
1962 Portugal SL Benfica
88%
1961 Portugal SL Benfica
88%
1988 Pays-Bas PSV Eindhoven
77%
1967 Ecosse Celtic FC
74%
1980 Angleterre Nottingham Forest
73%
1979 Angleterre Nottingham Forest
73%
1991 Serbie Etoile Rouge de Belgrade
65%
1970 Pays-Bas Feyenoord
63%
1982 Angleterre Aston Villa
60%
1983 Allemagne Hambourg
51%
1986 Roumanie CSA Steaua Bucarest
38%
Aucun quiz correspondant
Distribution des résultats
% des personnes avec chaque résultat
Percentile par nombre de réponses
Votre historique - résultats
Vous n’avez pas pris ce quiz